| 000 | 01119nam a22002775i 4500 | ||
|---|---|---|---|
| 001 | 156803 | ||
| 003 | ES-MaACL | ||
| 005 | 20250720063051.0 | ||
| 008 | 040805s1896 sp |||| | spa d | ||
| 040 |
_aCAM _bspa _cCAM |
||
| 080 | _a343.159(460) | ||
| 080 | _a347.933(460) | ||
| 080 | _a342.97.073.1 | ||
| 100 | 1 |
_aLabra, Rafael M. de, _d1840-1918 _eaut _969273 |
|
| 245 | 1 | 4 |
_aLos errores judiciales : _bdiscurso pronunciado en la sesión celebrada por el Congreso de los Diputados el 15 de abril de 1895 / _c[Rafael M. de Labra]. |
| 260 |
_aMadrid : _b[s.n.], _c1896 _f(Tip. de Alfredo Alonso) |
||
| 300 |
_a53 páginas ; _c21 cm. |
||
| 594 | _aAutor consta en cub. original | ||
| 650 | 4 |
_aError judicial- _zEspaña _912347 |
|
| 650 | 7 |
_aResponsabilidad patrimonial de la administración _2embne _9136827 |
|
| 650 | 4 |
_aPrisión provisional- _zEspaña. _9157187 |
|
| 852 |
_aES-MaACL _cDEPOF _hDonativo de Rafael M. de Labra _jT-872-F-1 _xEnc. en un vol. facticio _xHolandesa, conservando cub. original |
||
| 942 |
_2udc _cFOLLETOS _n0 |
||
| 999 |
_c156803 _d156803 |
||